00913cam a22002411a 450000100060000000300080000600500170001400800410003103500190007203500110009104000260010204100080012808200210013610000500015724501070020726000350031430000380034965100620038770000430044994200120049299900170050495201500052142941BD-RjUL20211209053623.0160618s1955 enk 0 eng d a(BD-RjUL)43059 a878204 aNUNbengcNUNdANL:NR aeng04a330.9bHEI 1955 1 aHenderson, Hubert Douglas,d1890-1952913187814aThe inter-war years and other papers /ca selection from the writings of H.D.Henderson. Ed. by H.Clay. aOxford :bClarendon P.,c1955. axiii, 445 p. : bill. ; c23 cm.  0aGreat BritainxEconomic conditionsy20th century.91318791 aClay, Henry,cSir,d1883-1954.9131880 2ddccBK c42941d42941 00102ddc40708NFICaRUCLbRUCLcStackd1957-11-18eOxford university pressg34.00l0o330.9 HEI 1955r2016-06-18 00:00:00tC-2w2016-06-18yBK